01126nam a2200265Ia 450000500170000000800410001702000150005810000320007324500470010525000180015230000250017049000260019552002710022165000350049265000390052765000460056665000320061265000350064426400470067933600270072633700330075333800280078604000350081408400110084920220317000759.0160601s2004 ar g 000 f spa  a98711069121 aVargas Llosa, Mario,d1936-13aLa ciudad y los perroscMario Vargas Llosa a1a. edición a554 páginasc17 cm aPunto de Lecturav3/3 aEs una diatriba contra la brutalidad ejercida en un grupo de jóvenes alumnos del Colegio Militar Leoncio Prado, también es un ataque frontal al concepto erróneo de la virilidad, de sus funciones y de las consecuencias de una educación castrense malentendida.142LEMBaNovela peruanaySiglo XX142LEMBaLiteratura peruanaySiglo XX142LEMBaProblemas sociales en la literatura142LEMBaNovela social peruana142LEMBaDelitos en la literatura aBuenos AiresaMadridbSuma de Letrasc2004 atextobtxt2rdacontent asin mediaciónbn2rdamedia avolumenbnc2rdacarrier aCO-BoRNBPbspaerdacCO-BoRNBP aN VAR1